| 000 | 00472nam a2200181Ia 4500 | ||
|---|---|---|---|
| 005 | 20260429111955.0 | ||
| 008 | 260429s9999||||xx |||||||||||||| ||und|| | ||
| 020 | _a9783161638817 | ||
| 041 | _aEnglish | ||
| 082 |
_a340 _bHEL |
||
| 100 | _aHellwege, Phillip | ||
| 245 | 0 |
_aLaw and interdisciplinarity / _cPhillip Hellwege |
|
| 260 |
_aGermany : _bMohr Siebeck, _c2024. |
||
| 300 | _axiii, 527 p.; pbk | ||
| 650 | _aLaw | ||
| 700 | _a Soniewicka, Marta | ||
| 942 | _cTB | ||
| 999 |
_c51701 _d51701 |
||